000 00492nam a2200181Ia 4500
005 20250326124301.0
008 250326s9999 xx 000 0 und d
037 _aTextbook
040 _aFMSL
_beng
_cFMSL
041 _aeng
_2eng
084 _aX:57 M8
_qFMSL
100 _aSiddiqi A H
245 0 _aFice of foreign trade and foreign exchange
_cSiddiqi A H
260 _aKarachi
_bKarachi, Royal
_c1988
300 _a258p
942 _cTB
_hX:57 M8
999 _c1273093
_d1273093